000 00877nam a2200253 i 4500
001 15546
003 ES-MaACL
005 20250526063004.0
007 t|
008 000330s1999 sp ||||0| spa j
020 _a84-8191-220-4
040 _aM-BN
_bspa
_cM-BN
080 _a1(081)Schopenhauer, Arthur
100 1 _aSchopenhauer, Arthur,
_d1788-1860
_9240710
245 1 0 _aEscritos inéditos de juventud
_b: 1808-1818 : sentencias y aforismos II /
_cArthur Schopenhauer ; selección, prólogo y versión castellana de Roberto R. Aramayo.
260 _aValencia :
_bPre-Textos,
_c[1999]
300 _a136 p. ;
_c19 cm.
490 1 _aPre-textos. Ensayo ;
_v381
700 1 _aRodríguez Aramayo, Roberto.
_998340
830 0 _aPre-textos. Ensayo ;
_v381
_9179721
852 _aES-MaACL
_jL-22740
_bR.128064
999 _c15546
_d15546